Loading...
| Science - Biology | 0 | 8 | 2 | 0 | 70 | 39 | 62.00 | 5 | 8 | 0.00 | 0.00 |
| Science - Physics | 0 | 7 | 2 | 0 | 60 | 41 | 69.14 | 6 | 7 | 0.00 | 0.00 |
| Science - Other | 0 | 7 | 2 | 0 | 60 | 39 | 71.71 | 5 | 7 | 0.00 | 0.00 |
| Science - Chemistry | 0 | 6 | 1 | 0 | 55 | 41 | 67.67 | 5 | 6 | 0.00 | 0.00 |
| History - World | 0 | 5 | 0 | 0 | 50 | 31 | 77.40 | 4 | 5 | 0.00 | 0.00 |
| Mythology | 0 | 3 | 0 | 1 | 30 | 35 | 100.00 | 1 | 2 | 0.00 | 0.00 |
| Philosophy | 0 | 3 | 0 | 0 | 30 | 79 | 95.33 | 1 | 3 | 0.00 | 0.00 |
| Social Science | 0 | 3 | 1 | 0 | 25 | 44 | 69.00 | 1 | 2 | 0.00 | 0.00 |
| Religion | 0 | 2 | 0 | 0 | 20 | 98 | 99.50 | 0 | 2 | 0.00 | 0.00 |
| History - European | 0 | 2 | 0 | 0 | 20 | 48 | 60.50 | 1 | 2 | 0.00 | 0.00 |
| Fine Arts - Painting and Sculpture | 0 | 1 | 0 | 0 | 10 | 97 | 97.00 | 0 | 1 | 0.00 | 0.00 |
| History - American | 0 | 1 | 0 | 0 | 10 | 60 | 60.00 | 0 | 1 | 0.00 | 0.00 |
| History - Other | 0 | 1 | 0 | 0 | 10 | 68 | 68.00 | 1 | 1 | 0.00 | 0.00 |
| Current Events | 0 | 1 | 0 | 1 | 10 | 121 | 121.00 | 0 | 1 | 0.00 | 0.00 |
| Fine Arts - Other | 0 | 0 | 1 | 0 | -5 | 0.00 | 0 | 0 | 0.00 | 0.00 |